=LDR 00000nam 2200000 4500 =001 NUTBA000000000002900 =005 20140708112904.0 =006 =007 =008 =020 ##$$a 978-979-663-552-7 =035 ##$$a 0010-071400000000088 =040 ##$$a NBPDMAT =082 ##$$a 746.2 =090 ##$$a 746.2 $b Soe s =100 ##$$a Soedjono =245 ##$$a Seni kerajinan sulaman / $c Soedjono, B.Sc =250 ##$$a Ed.Revisi =260 ##$$a Bandung : $b Angkasa, $c 2008 =300 ##$$a vi, 58 hlm. : $b ilus. ; $c 21 cm. =650 ##$$a Kerajinan Sulaman =850 ##$$a NBPDMAT =990 ##$$a 21403077